Estadísticas para Salva a la Humanidad Adivinando Países

Haz click aquí para intentar la prueba.

Estadísticas generales

  • Esta prueba ha sido intentada 46.377 veces
  • La puntuación promedio es 4514 de 7811

Respuestas en el mapa

Las respuestas están codificadas por una escala verde-roja en el mapa de la prueba según el % correcto abajo.
 

Estadísticas de respuestas

PoblaciónPaís% Correcto
331,002,651Estados Unidos
92%
1,447,470,092China
91%
145,934,462Rusia
90%
46,754,778España
87%
45,195,774Argentina
82%
212,559,417Brasil
82%
67,515,709Francia
79%
1,380,004,385India
79%
128,932,753México
79%
37,742,154Canadá
78%
83,783,942Alemania
75%
126,476,461Japón
72%
25,499,884Australia
67%
60,461,826Italia
60%
50,882,891Colombia
58%
67,886,011Reino Unido
58%
19,116,201Chile
56%
59,308,690Sudáfrica
50%
32,971,854Perú
49%
273,523,615Indonesia
47%
102,334,404Egipto
46%
10,196,709Portugal
45%
51,269,185Corea del Sur
44%
24,206,644Níger
44%
28,435,940Venezuela
41%
220,892,340Pakistán
40%
37,507,899Marruecos
38%
206,139,589Nigeria
38%
89,561,403República Democrática del Congo
37%
43,733,762Ucrania
37%
37,846,611Polonia
36%
5,518,087República del Congo
36%
164,689,383Bangladés
34%
83,992,949Irán
34%
3,278,290Mongolia
32%
10,099,265Suecia
32%
84,339,067Turquía
32%
43,851,044Argelia
31%
5,421,241Noruega
31%
3,473,730Uruguay
31%
11,673,021Bolivia
30%
17,643,054Ecuador
30%
69,799,978Tailandia
30%
25,778,816Corea del Norte
29%
4,822,233Nueva Zelanda
29%
34,813,871Arabia Saudita
28%
40,222,493Irak
28%
109,581,078Filipinas
27%
7,132,538Paraguay
25%
97,338,579Vietnam
25%
5,540,720Finlandia
24%
10,423,054Grecia
24%
114,963,588Etiopía
23%
4,937,786Irlanda
23%
18,776,707Kazajistán
23%
11,326,616Cuba
22%
32,365,999Malasia
22%
8,654,622Suiza
22%
38,928,346Afganistán
21%
5,792,202Dinamarca
21%
43,849,260Sudán
20%
16,425,864Chad
18%
341,243Islandia
18%
11,589,623Bélgica
17%
53,771,296Kenia
17%
6,871,292Libia
17%
17,134,872Países Bajos
17%
4,314,767Panamá
17%
9,006,398Austria
16%
29,136,808Nepal
16%
77,265Andorra
15%
19,237,691Rumania
15%
32,866,272Angola
14%
9,449,323Bielorrusia
14%
17,915,568Guatemala
14%
8,655,535Israel
14%
7,275,560Laos
14%
59,734,218Tanzania
14%
1,326,535Estonia
13%
17,500,658Siria
13%
23,816,775Taiwán
13%
16,718,965Camboya
12%
5,094,118Costa Rica
12%
9,904,607Honduras
12%
1,886,198Letonia
12%
2,722,289Lituania
12%
27,691,018Madagascar
12%
20,250,833Malí
12%
54,409,800Myanmar
12%
15,893,222Somalia
12%
26,545,863Camerún
11%
11,402,528Haití
11%
16,743,927Senegal
11%
29,825,964Yemen
11%
801Ciudad del Vaticano
10%
4,105,267Croacia
10%
6,486,205El Salvador
10%
9,660,351Hungría
10%
6,624,554Nicaragua
10%
5,106,626Omán
10%
11,818,619Túnez
10%
9,890,402Emiratos Árabes Unidos
9%
31,072,940Ghana
9%
2,961,167Jamaica
9%
39,242Mónaco
9%
10,847,910República Dominicana
9%
6,926,908Serbia
9%
11,193,725Sudán del Sur
9%
6,948,445Bulgaria
8%
771,608Bután
8%
2,881,053Catar
8%
1,207,359Chipre
8%
786,552Guyana
8%
5,850,342Singapur
8%
21,413,249Sri Lanka
8%
586,632Surinam
8%
45,741,007Uganda
8%
33,469,203Uzbekistán
8%
2,877,797Albania
7%
397,628Belice
7%
441,543Malta
7%
4,649,658Mauritania
7%
31,255,435Mozambique
7%
2,540,905Namibia
7%
10,708,981República Checa
7%
2,963,243Armenia
6%
5,459,642Eslovaquia
6%
2,078,938Eslovenia
6%
13,132,795Guinea
6%
10,203,134Jordania
6%
6,825,445Líbano
6%
625,978Luxemburgo
6%
4,033,963Moldavia
6%
33,931San Marino
6%
18,383,955Zambia
6%
393,244Bahamas
5%
3,280,819Bosnia y Herzegovina
5%
896,445Fiyi
5%
1,810,463Kosovo
5%
12,952,218Ruanda
5%
8,278,724Togo
5%
6,031,200Turkmenistán
5%
10,139,177Azerbaiyán
4%
12,123,200Benín
4%
2,351,627Botsuana
4%
26,378,274Costa de Marfil
4%
71,986Dominica
4%
3,546,421Eritrea
4%
2,225,734Gabón
4%
3,989,167Georgia
4%
6,524,195Kirguistán
4%
2,142,249Lesoto
4%
5,057,681Liberia
4%
2,083,374Macedonia del Norte
4%
19,129,952Malaui
4%
628,066Montenegro
4%
10,824Nauru
4%
18,094Palaos
4%
8,947,024Papua Nueva Guinea
4%
4,829,767República Centroafricana
4%
14,862,924Zimbabue
4%
287,375Barbados
3%
1,701,575Baréin
3%
437,479Brunéi
3%
11,890,784Burundi
3%
115,023Estados Federados de Micronesia
3%
2,416,668Gambia
3%
119,449Kiribati
3%
4,270,571Kuwait
3%
540,544Maldivas
3%
9,537,645Tayikistán
3%
105,695Tonga
3%
1,399,488Trinidad y Tobago
3%
11,792Tuvalu
3%
307,145Vanuatu
3%
97,929Antigua y Barbuda
2%
20,903,273Burkina Faso
2%
555,987Cabo Verde
2%
869,601Comoras
2%
112,523Granada
2%
1,968,001Guinea-Bissau
2%
1,402,985Guinea Ecuatorial
2%
38,128Liechtenstein
2%
1,271,768Mauricio
2%
198,414Samoa
2%
183,627Santa Lucía
2%
98,347Seychelles
2%
7,976,983Sierra Leona
2%
1,160,164Suazilandia
2%
988,000Yibuti
2%
59,190Islas Marshall
1%
686,884Islas Salomón
1%
53,199San Cristóbal y Nieves
1%
219,159Santo Tomé y Príncipe
1%
110,940San Vicente y las Granadinas
1%
1,318,445Timor Oriental
1%

Distribución de puntuación

Porcentaje por número respondido

Porcentaje de gente con cada puntuación

Historial de tus puntuaciones

No has intentado esta prueba.